| 000 | 00521nam a2200181Ia 4500 | ||
|---|---|---|---|
| 008 | 240925s9999 xx 000 0 und d | ||
| 020 | _a132946041 | ||
| 082 | _a364.973 MUR | ||
| 100 | _aMuraskin, Roslyn; Roberts ,Albert R. | ||
| 245 | 0 | _aVisions for Change: crime and justice in the twenty first century | |
| 250 | _aNA | ||
| 260 |
_aNew Jersey: _bPrintice- Hall Int. _c,1996. |
||
| 300 |
_axi,244p. _bNA _fOriginal |
||
| 500 | _aReferences | ||
| 600 | _aSocial Sciences | ||
| 650 | _aSocial Sciences | ||
| 942 | _cBK | ||
| 999 |
_c5254 _d5254 |
||